| 000 | 00394nam a2200169Ia 4500 | ||
|---|---|---|---|
| 008 | 210210b1953 xxu||||| |||| 00| 0 eng d | ||
| 041 | _aeng | ||
| 082 | _a425/263 | ||
| 100 | _aROSSITER (A P) | ||
| 245 | _aOur living language | ||
| 260 |
_aLondon _bLongman Green & Co. _c1953 |
||
| 650 | _aOur | ||
| 650 | _aliving | ||
| 650 | _alanguage | ||
| 690 | _aEnglish Language | ||
| 906 | _a006039 | ||
| 999 |
_c129069 _d129069 |
||